=LDR 00000nam 2200000 4500 =001 INLIS000000000024607 =005 20130612123201 =008 ***********************************Ind** =035 ##$$0010-061300000024607 =041 ##$$a Ind =082 ##$$a 306.81 =090 ##$$a 306.81, Sya s =100 ##$$a Syah, Djalinus =245 ##$$a Strategi memilih jodoh menuju keluarga sakinah dan bahagia, Djalinus Syah =260 ##$$a 1993 $b Jakarta =300 ##$$a 100 hlm, 21 cm =650 ##$$a Perkawinan =850 ##$$a NBPNMAT